| 000 | 00791cam a2200229 4500 | ||
|---|---|---|---|
| 001 | WB3633-29 | ||
| 008 | 000000n2000 000 0 eng u | ||
| 035 | _a(Sirsi) u107969 | ||
| 245 | _aSurveyors welcome leasehold reform | ||
| 260 | _c2000 | ||
| 490 |
_aRICS Press Release _v(pr100) 21 August 2000 (2) |
||
| 520 | _aRICS welcomes the draft government commonhold and leasehold reform bill. For further comment on leasehold reform contact Gerry Fox on 020 7258 3425, mobile 0468 713168, or the RICS Press Office on 0207 334 3775. | ||
| 590 | _aWB | ||
| 650 | _aLEASEHOLD REFORM | ||
| 650 | _aRICS | ||
| 650 | _aCOMMONHOLD | ||
| 650 | _aRESIDENTIAL LEASES | ||
| 650 | _aFLAT OWNERSHIP | ||
| 650 | _aCONSULTATION | ||
| 690 | _aLANDLORD AND TENANT-LEASEHOLD REFORM | ||
| 942 | _n0 | ||
| 999 |
_c64501 _d64501 |
||